000 01219cam a22003617a 4500
003 CHAP
005 20230629062634.0
008 971013s1919 r 00010 d
010 _a59695
011 _a60667
035 _a64829
040 _cCHAP
082 _a635.21
_bC62
110 _aCentro Internacional de la Papa
245 0 _aProgram report 19 -
260 _aLima, Perú :
_bEl Centro,
_c19 -19
300 _av.
_b: ilus.
500 _aLa biblioteca tiene: 1993-94,1995-96, 1997-98
590 _aBATCH-UPD
_b10
_c20130110
_lUCH01
_h1325
590 _aBATCH-UPD
_b10
_c20130410
_lUCH01
_h0833
590 _aBATCH-UPD
_b10
_c20130914
_lUCH01
_h1858
590 _aCONVERSION
_b10
_c20130109
_lUCH01
_h1332
650 1 7 _aPapas
_xEnfermedades
_2
_985227
650 1 4 _aPapa
_xGermoplasma.
_985242
650 1 4 _aPapa
_xInvestigación.
_985254
650 1 4 _aPapa
_xPlagas.
_985270
650 1 4 _aPapa
_xRendimiento.
_985284
901 _aBK
942 _cLIBRO
949 _a635.21 C62
_bBC
_cLIBRO
_d33724000083564
_eLIBRO
_f1993-94
_h90202
_i64829
_si
949 _a635.21 C62
_bBC
_cLIBRO
_d33724000594883
_eLIBRO
_f1995-96
_h93351
_i64829
_sb
949 _a635.21 C62
_bBC
_cLIBRO
_d33724000779179
_eLIBRO
_f1997-98
_h98136
_i64829
_si
999 _c59695
_d59695